Szczegóły MARC21

Gerontologopedia /

003 -Nazwa inst., której nr kontr. jest w polu 001 [,]
    • @
    • Nazwa instytucji, której n kontrolny jest w polu 001
    • NUKAT
005 -DATA I CZAS OSTATNIEJ MODYFIKACJI [,]
    • @
    • pole kontrolne
    • 20241231090239.0
020 -Międzynarod. znormalizowany nr książki - ISBN [ , ]
    • a
    • Numer ISBN
    • 9788377441657 Find
040 -Instytucja sporządzająca opis [ , ]
    • a
    • Instytucja, która sporządziła opis (NP)
    • WR U/Pdg
    • b
    • Język katalogowania
    • pol
    • e
    • Zasady katalogowania
    • rda
    • c
    • Instytucja, która sporządziła rekord (NP)
    • WR U/ZM
    • d
    • Instytucja, która zmodyfikowała rekord (P)
    • KAT U/21MGs
    • d
    • Instytucja, która zmodyfikowała rekord (P)
    • WR U/DFs
    • d
    • Instytucja, która zmodyfikowała rekord (P)
    • GD 27/BRs
041 -Język dokumentu [0, ]
    • a
    • Język tekstu (P)
    • polski
    • b
    • Język streszczeń lub abstraktu (P)
    • angielski
942 -Rodzaj dokumentu [ , ]
    • c
    • Rodzaj dokumentu
    • Książka
245 -Strefa tytułu i oznaczenia odpowiedzialności [0,0]
    • a
    • Tytuł
    • Gerontologopedia / Find
    • c
    • Pozostałe elementy strefy tytułu i oznaczenia odpowiedzialności (NP)
    • redakcja naukowa Waldemar Tłokiński, Stanisław Milewski, Katarzyna Kaczorowska-Bray.
250 -Strefa wydania [ , ]
    • a
    • Oznaczenie wydania (NP)
    • Wydanie I.
260 -Strefa adresu wydawniczego [ , ]
    • a
    • Miejsce wydania (P)
    • Gdańsk :
    • b
    • Nazwa wydawcy (P)
    • Harmonia Universalis,
    • c
    • Data wydania (P)
    • 2018.
300 -Strefa opisu fizycznego [ , ]
    • a
    • Określenie formy książki i/lub objętość (NP)
    • 758 stron :
    • b
    • Oznaczenie ilustracji (NP)
    • ilustracje ;
    • c
    • Format (NP)
    • 24 cm.
336 -Typ zawartości [ , ]
    • a
    • Termin opisujący typ zawartości
    • Tekst
    • b
    • Kod określający zawartość
    • txt
    • 2
    • Źródło (terminu i kodu)
    • rdacontent
337 -Typ mediów [ , ]
    • a
    • Tryb odtwarzania
    • Bez urządzenia pośredniczącego
    • b
    • Kod typu mediów
    • n
    • 2
    • Źródło (terminu i kodu)
    • rdamedia
338 -Typ/rodzaj nośnika [ , ]
    • a
    • Hasło opisujące typ nośnika
    • Wolumin
    • b
    • Kod typu nośnika
    • nc
    • 2
    • Źródło (terminu i kodu)
    • rdacarrier
490 -Strefa serii i książki wielotomowej - forma nie do wyszukiwania [1, ]
    • a
    • Tytuł (P)
    • Logopedia XXI wieku Find
830 -Hasło dodatkowe serii i opisu książki wielotomowej - tytuł ujednolicony/tytuł [ ,0]
    • a
    • Tytuł ujednolicony/tytuł (NP)
    • Logopedia XXI Wieku
    • 9
    • KHW
    • 78110
504 -Uwaga dot. bibliogr. załącznikowej [ , ]
    • a
    • Uwaga dot. bibliografii załącznikowej
    • Bibliografia na stronach 662-747. Indeks.
546 -Uwaga dot. języka [ , ]
    • a
    • Uwaga dot. języka
    • Streszczenia i słowa kluczowe w języku angielskim.
650 -Hasło przedmiotowe [ ,7]
    • a
    • Hasło przedmiotowe
    • Zaburzenia mowy u seniorów.
    • 2
    • Źródło terminu
    • kaba
    • 9
    • KHW
    • 475917
650 -Hasło przedmiotowe [ ,7]
    • a
    • Hasło przedmiotowe
    • Starzenie się
    • x
    • Określnik rzeczowy
    • aspekt fizjologiczny.
    • 2
    • Źródło terminu
    • kaba
    • 9
    • KHW
    • 131104
650 -Hasło przedmiotowe [ ,7]
    • a
    • Hasło przedmiotowe
    • Starzenie się
    • x
    • Określnik rzeczowy
    • aspekt psychologiczny.
    • 2
    • Źródło terminu
    • kaba
    • 9
    • KHW
    • 131105
650 -Hasło przedmiotowe [ ,7]
    • a
    • Hasło przedmiotowe
    • Gerontologopedia.
    • 2
    • Źródło terminu
    • kaba
    • 9
    • KHW
    • 475916
700 -Hasło dodatkowe - nazwa osobowa [1, ]
    • a
    • Nazwa osobowa (NP)
    • Tłokiński, Waldemar. Find
    • e
    • Określenie rodzaju współpracy
    • Redakcja
    • 9
    • KHW
    • 95441
700 -Hasło dodatkowe - nazwa osobowa [1, ]
    • a
    • Nazwa osobowa (NP)
    • Milewski, Stanisław Find
    • d
    • Daty biograficzne (NP)
    • (1956- ).
    • e
    • Określenie rodzaju współpracy
    • Redakcja
    • 9
    • KHW
    • 40292
700 -Hasło dodatkowe - nazwa osobowa [1, ]
    • a
    • Nazwa osobowa (NP)
    • Kaczorowska-Bray, Katarzyna. Find
    • e
    • Określenie rodzaju współpracy
    • Redakcja
    • 9
    • KHW
    • 78109
710 -Hasło dodatkowe - nazwa ciała zbiorowego [2, ]
    • a
    • Nazwa ciała zbiorowego lub nazwa geograficzna jako pierwszy element (NP)
    • Harmonia Universalis.
    • e
    • Rodzaj współpracy
    • Wydawca
    • 4
    • Kod relacji
    • pbl
    • 9
    • KHW
    • 59898
856 -Dostęp do wersji elektronicznej [4,8]
    • 3
    • Wyszczególnienie materiału
    • Okładka
920 -ISBN [ , ]
    • a
    • ISBN
    • 978-83-7744-165-7 Find
Data inwentaryzacji Lokalizacja Status udost. Numer inwentarzowy
2018-12-17BG1Z.123311
2019-02-19BG-3WM.23187
2019-02-19BG-3WM.23188
2019-02-19BG-3WM.23189